000
00235nam a2200097Ia 4500
082
_a
J 956.7 MASO
245
0
_a
Iraq
100
_a
MASON, Paul New York, 2009
_9
61457
942
_c
BK
008
210817s9999 xx 000 0 und d
999
_c
193526
_d
193525